Verão no lago (Registo nº 199443)
[ vista simples ]
| 000 -Etiqueta do registo | |
|---|---|
| Valores | 00584nam 22002053 4500 |
| 010 ## - Número ISBN | |
| ISBN | 978-989-577-119-6 |
| 021 ## - Número do Depósito Legal | |
| Número | 531351/24 |
| 100 ## - Dados gerais de processamento | |
| Dados gerais | 20251209d u||y0pory50 ba |
| 200 ## - Titulo e menção de responsabilidade | |
| Título próprio | Verão no lago |
| Informação de outro título | romance |
| Primeira menção de responsabilidade | Ann Patchett |
| Outras menções de responsabilidade | tradução de Alexandra Cardoso |
| 205 ## - Menção da edição | |
| Edição | 1ª |
| 210 ## - Publicação | |
| Local de publicação | Lisboa |
| Nome do editor | Cultura Editora |
| Data de publicação | 2024 |
| 215 ## - Descrição física | |
| Paginação / Volumes | 319 p. |
| Outras indicações físicas | brochado |
| Dimensões | 23 cm |
| 606 ## - Nome comum usado como assunto | |
| ID Autoridade | 16 |
| Palavra de ordem | Literatura Americana |
| 675 ## - CDU | |
| Notação | 821.111(73)-3 |
| Edição | PT |
| Língua | por |
| 700 ## - Autor principal (pessoa individual) | |
| ID Autoridade | 720 |
| Apelido | Patchett |
| Nome | Ann |
| Datas | 1963- |
| 801 ## - Fonte de origem | |
| País | PT |
| Agência | BMMN |
| Regras de catalogação | RPC |
| 830 ## - Notas gerais do catalogador | |
| Criado por | Fernando |
| Indexado por | Fernando |
| 990 ## - Elementos KOHA | |
| Tipo de documento | Livro |
| Situação do levantamento | Biblioteca de origem | Código de barras | Cota | Permissão de empréstimo | Tipo de documento | Forma de aquisição |
|---|---|---|---|---|---|---|
| Biblioteca Municipal de Montemor-o-Novo | 28294 | 821.111(73)-3 PAT|LG | Livro | Compra |